00576nam a2200157Ia 4500003000900000008004100009020002200050040001600072080001600088100002200104245013800126260004200264300001600306650004300322650005300365IN-BaIIA211028s9999 xx 000 0 eng d a978-0-19-536556-6 cIIA Library a92:530bHAR aHargittai, Istvan 4aThe martians of sciencebfive physicists who changed the twentieth centurycIstvan Hargittai  aOxfordbOxford University Pressc2006 axxiv, 313p. aPhysicists - United States - Biography aScience - United States - History - 20th Century